Statistiques concernant Dates - Les Autrichiens avec les Hongrois et sans les Tchèques

Cliquez ici pour prendre le quiz!

Statistiques générales

  • Ce quiz a été pris 4 fois
  • Le résultat moyen est 6 sur 21

Statistiques - réponses

EvènementPrécisionDate% Correct
Défaites de Magenta et SolférinoAnnée1859
50%
Congrès de Berlin, octroi de l'administration de la Bosnie-Herzégovine à l'Empire austro-hongroisAnnée1878
50%
Décès de François-JosephAnnée1916
50%
Proposition d'articles fondamentaux pour un trialisme de l'Empire (avec les Tchèques)Jour, mois et année12 septembre 1871
25%
Metternich quitte le pouvoir en AutricheJour, mois et année13 mars 1848
25%
Néo-absolutisme autrichienAnnées1849-1859
25%
Début du débastionnement de l'Autriche sur décision de l'EmpereurAnnée1857
25%
Création du Journal national tchèque par les frères GrégrAnnée1861
25%
Compromis austro-hongrois, création d'une double monarchieAnnée1867
25%
Crise économique, début de la Grande/Longue DépressionAnnée1873
25%
Inauguration du théâtre national tchèqueAnnée1881
25%
Publication de La Question des nationalités et de la social-démocratie d'Otto BauerAnnée1907
25%
Annexion de la Bosnie-Herzégovine par l'AutricheAnnée1908
25%
Introduction du suffrage universel masculin en CisleithanieJour, mois et année24 janvier 1907
25%
Naissance autoproclamée de la TchécoslovaquieJour, mois et année28 octobre 1918
25%
Abdication de Ferdinand Ier d'AutricheJour, mois et année2 décembre 1848
25%
Publication des 14 points de WilsonJour, mois et année8 janvier 1918
25%
Couronnement de François-Joseph et Elisabeth roi et reine de HongrieJour, mois et année8 juin 1867
25%
Patente de février, annulation des diplômes mais octroi d'une ConstitutionMois et annéeFévrier 1861
25%
Diplômes d'octobre (reconnaissance des langues nationales de l'Empire)Mois et annéeOctobre 1860
25%
Rejets des articles fondamentaux par François JosephJour, mois et année30 octobre 1871
0%

Distribution des résultats

Percentile par nombre de réponses

% des personnes avec chaque résultat

Votre développement - résultats

Vous n’avez pas pris ce quiz